Life is a fairytale (barbie) - lyrics - Statistics

General Stats
  • This quiz has been taken 24 times
  • The average score is 235 of 306
Answer Stats
Answer % Correct
A
100%
Fairytale
100%
I
100%
Life
100%
Is
93%
You
93%
Design
86%
Dream
86%
In
86%
It
86%
Make
86%
Style
86%
Whatever
86%
Your
86%
Change
79%
Fabric
79%
Oh
79%
Or
79%
To
79%
Choose
71%
Colors
71%
Come
71%
Coming
71%
Crazy
71%
Heels
71%
Isn't
71%
It's
71%
Just
71%
Like
71%
Magenta
71%
Shoes
71%
Skirt
71%
Something
71%
That's
71%
The
71%
Together
71%
True
71%
Up
71%
Blue
64%
Bow
64%
Down
64%
Electric
64%
Feels
64%
Form
64%
Got
64%
Hair
64%
Here
64%
How
64%
Life's
64%
Line
64%
Magic
64%
Mind
64%
Of
64%
Perfect
64%
Satin
64%
Sweet
64%
There
64%
Wild
64%
Yeah
64%
Bubble
57%
Cashmere
57%
Ever
57%
Every
57%
From
57%
Lines
57%
Neon
57%
Not
57%
Pair
57%
Ruffle
57%
Sequin
57%
Simple
57%
Top
57%
Why
57%
With
57%
You're
57%
You've
57%
After
50%
And
50%
Day
50%
Different
50%
Fearless
50%
Free
50%
Happily
50%
Head
50%
Look
50%
Loving
50%
Now
50%
See
50%
This
50%
Well
50%
Beginning
43%
Belt
43%
Better
43%
Feather
43%
Fly
43%
Imagined
43%
Own
43%
Pop
43%
Ready
43%
Shining
43%
Try
43%
Revving
36%
Than
36%
No matching quizzes found
Score Distribution
Percent of People with Each Score
Percentile by Number Answered
Your Score History
You have not taken this quiz